| 000 | 01013nam0a2200253 4500 | ||
|---|---|---|---|
| 001 | RU\NLR\BIBL_A\011367487 | ||
| 005 | 20250626053347.0 | ||
| 035 | _a(NLR Aleph) 011367487 | ||
| 090 |
_a11332200 _c11332200 |
||
| 100 | _a20170413d1973 |||y0rusy50 ca | ||
| 101 | 0 | _aaba | |
| 102 | _aRU | ||
| 105 | _ac z 000 y | ||
| 200 | 1 |
_aГвым апсыхIва _eйгIайтынхаз агIвыраква йрыуапI _fХIвран ШахIвали |
|
| 210 |
_aЧеркесск _cСтавроп. кн. гIацIщтырта. Къарча-Черкес хъвшара _d1973 |
||
| 215 |
_a198, [1] с. _cпортр. _d17 |
||
| 541 | 1 |
_6z01790 _aДолина Кумы _eизбранные сочинения и переводы _zrus |
|
| 686 | 1 | _aШ6(2=А)7-4 | |
| 700 | 1 |
_aХIвран _bШ. _f1926-1963 _gШахIвали _4070 |
|
| 790 | 1 |
_6z01541 _aХуранов _bШ. З. _f1926-1963 _gШахали Зазуевич _4070 |
|
| 852 |
_aNLR _bОНЛ _jАбаз./2-157 |
||
| 942 | _cBOOK | ||
| 980 | _aNB | ||